Bibliografia bàsica per a biblioteques públiques / per Adela d'Alòs-Moner ... [et al.]
ISBN:
84-500-5377-3
Publicado:
Barcelona :
Generalitat de Catalunya, Departament de Cultura i Mitjans de Comunicació ,
1982
Descripción Física:
292 p. ; 24 cm
MARC
| LEADER | 00000nam a2200000Ia 4500 | ||
|---|---|---|---|
| 001 | 13175 | ||
| 008 | 160829s1982 xx 000 0 cat d | ||
| 020 | |a 84-500-5377-3 | ||
| 080 | |a A-2-118 | ||
| 245 | |a Bibliografia bàsica per a biblioteques públiques / per Adela d'Alòs-Moner ... [et al.] | ||
| 260 | |a Barcelona : |b Generalitat de Catalunya, Departament de Cultura i Mitjans de Comunicació, |c 1982 | ||
| 300 | |a 292 p. ; |c 24 cm | ||
| 590 | |a A la part superior de la portada : Direcció General del Patrimoni Cultural. Servei de Biblioteques i del Patrimoni Bibliogràfic | ||
| 650 | |a Biblioteques públiques |9 49216 | ||
| 650 | 0 | |a Bibliografia |x Llibres escollits |9 32587 | |
| 700 | |a Alòs-Moner, Adela d' |9 32588 | ||
| 700 | |a Catalunya. Servei de Biblioteques i del Patrimoni Bibliogràfic |9 20489 | ||
| 710 | 1 | |a Catalunya. |b Departament de Cultura i Mitjans de Comunicació |9 55890 | |
| 901 | |a Arxiu | ||
| 942 | |n 1 | ||
| 952 | |0 0 |1 0 |4 0 |6 A2118 |7 1 |9 46041 |a Arxiu |b Arxiu |d 2016-12-01 |l 0 |o A-2-118 |p 13175 |r 2016-12-01 00:00:00 |w 2016-12-01 |y ARXIU | ||
| 999 | |c 49542 |d 49542 | ||